LEADER 01246nam a2200301 i 4500 001 991003790499707536 005 20020509132228.0 008 970717s1990 enk ||| | eng| 020 $a0824073533 035 $ab11215392-39ule_inst 035 $aPARLA188688$9ExL 040 $aDip.to Scienze Storiche Fil. e Geogr.$bita 082 04$a320.540956940973 245 00$aMy brother's keeper :$bfostering projects in the Jewish national home /$cedited with an introduction by Aaron S. Klieman 260 $aNew York ; London :$bGarland,$cc1990 300 $a141 p. ;$c29 cm. 490 0 $aAmerican Zionism ;$v5 500 $aInclude bibliografia 650 4$aSionismo$zStati Uniti d'America$xStoria$vFonti 650 4$aEbrei statunitensi$xAttività politica$vFonti 651 4$aStati Uniti d'America$xRelazioni internazionali$vFonti 700 1 $aKlieman, Aaron S. 907 $a.b11215392$b04-04-17$c01-07-02 912 $a991003790499707536 945 $aLE023 320.54 Coll. I, 5$g1$i2023000170489$lle023$nV. 5$nLE009 Stor. 79.1-475/5 (vecchia collocazione)$o-$pE0.00$q-$rn$so $t0$u1$v0$w1$x0$y.i11368512$z01-07-02 996 $aMy brother's keeper$91745235 997 $aUNISALENTO 998 $ale023$b01-01-97$cm$da $e-$feng$gus $h0$i1